| 000 | 00582nam a22001937i 4500 | ||
|---|---|---|---|
| 999 |
_c23562 _d23562 |
||
| 003 | AR-CdUCM | ||
| 008 | 260330b20182018pe a|||| |||| 00| 0 spa d | ||
| 020 | _a978-612-316-696-0 | ||
| 040 |
_aMUNICIPALIDAD PROVINCIAL DEL CUSCO _cBIBLIOTECA MUNICIPAL DEL CUSCO |
||
| 041 | _hspa | ||
| 082 |
_aPI / 863 _bM42 |
||
| 100 |
_aMenéndez Ibárcena, Isabel _952412 |
||
| 245 | _aComo el viento / | ||
| 260 |
_aSan Isidro, Lima, Perú : _bEdiciones SM S.A.C. _c2018 |
||
| 300 |
_a35 páginas. : _c21x25 cm. |
||
| 856 | _fwww.sm.com.pe | ||
| 942 |
_2ddc _cLIBROS |
||
| 945 |
_aesh _d30-03-2026 |
||